[Event "Junior Online 4NCL Division 5"]
[Site "online"]
[Date "2021.01.21"]
[Round "1.165"]
[White "Bhatia, Jai"]
[Black "Winser, Frederick"]
[Result "0-1"]
[WhiteElo "1584"]
[BlackElo "1176"]
[PlyCount "68"]
[EventDate "2021.01.21"]
[WhiteTeam "Chess Challengers B"]
[BlackTeam "Manchester Juniors E"]

1. e4 e5 2. Nf3 Nc6 3. Nc3 Bc5 4. h3 d6 5. Na4 f5 6. exf5 Bxf5 7. Ng1 Qd7 8.
Nf3 Nf6 9. Nc3 d5 10. Nb5 O-O-O 11. d4 exd4 12. Nfxd4 Nxd4 13. Nxd4 Rhe8+ 14.
Be2 Re4 15. c3 Bxd4 16. cxd4 Qb5 17. O-O Rxe2 18. Re1 Rde8 19. Be3 Rxe1+ 20.
Qxe1 Qxb2 21. Rb1 Qxa2 22. Qb4 Bxb1 23. Bg5 Ne4 24. Qb5 Nd6 25. Qb4 h6 26. Bf4
Rf8 27. Bxd6 Qxf2+ 28. Kh2 cxd6 29. Qxb1 Qxd4 30. Qe1 Qe5+ 31. Kh1 Qxe1+ 32.
Kh2 Qe5+ 33. g3 Qe2+ 34. Kg1 Rf1# 0-1

[Event "Junior Online 4NCL Division 5"]
[Site "online"]
[Date "2021.01.21"]
[Round "1.166"]
[White "Elisseev-Siuda, Ivan"]
[Black "Srinivasan, Raghav"]
[Result "0-1"]
[WhiteElo "1099"]
[BlackElo "1545"]
[PlyCount "104"]
[EventDate "2021.01.21"]
[WhiteTeam "Manchester Juniors E"]
[BlackTeam "Chess Challengers B"]

1. d4 e5 2. dxe5 Nc6 3. Nf3 f6 4. exf6 Nxf6 5. Bg5 d5 6. Nc3 h6 7. Bh4 Bg4 8.
Qd3 Bxf3 9. Qxf3 d4 10. Nd5 Nxd5 11. Bxd8 Rxd8 12. O-O-O Bc5 13. c3 Nf6 14.
cxd4 Bxd4 15. e3 Bb6 16. Rxd8+ Kxd8 17. Bb5 Kc8 18. Bxc6 bxc6 19. Qxc6 Kb8 20.
b4 Rd8 21. Rd1 Rxd1+ 22. Kxd1 a6 23. a4 Ba7 24. b5 axb5 25. axb5 Ng4 26. h3
Nxf2+ 27. Ke2 Nh1 28. g4 Ng3+ 29. Kf3 Nf1 30. e4 Nd2+ 31. Kf4 Nb3 32. e5 g5+
33. Kf5 Nd4+ 34. Kf6 Nxc6 35. e6 Bd4+ 36. Kf7 Nd8+ 37. Ke7 Nxe6 38. Kxe6 Bf2
39. Kd5 Kb7 40. Kc4 Kb6 41. Kb4 Be1+ 42. Ka4 c5 43. Kb3 Kxb5 44. Ka3 c4 45. Kb2
Kb4 46. Kc2 c3 47. Kb1 Kb3 48. Kc1 c2 49. h4 Bd2+ 50. Kxd2 Kb2 51. hxg5 hxg5
52. Kd3 c1=Q 0-1

[Event "Junior Online 4NCL Division 5"]
[Site "online"]
[Date "2021.01.21"]
[Round "1.167"]
[White "Patel, Ananya"]
[Black "Topping, Rachel"]
[Result "0-1"]
[WhiteElo "1501"]
[BlackElo "1097"]
[PlyCount "64"]
[EventDate "2021.01.21"]
[WhiteTeam "Chess Challengers B"]
[BlackTeam "Manchester Juniors E"]

1. d4 d5 2. Bf4 Nc6 3. e3 a6 4. c3 Nf6 5. Bd3 Ne4 6. Nd2 Bf5 7. Ngf3 h6 8. O-O
g5 9. Be5 f6 10. Bg3 Nxg3 11. fxg3 Bxd3 12. Re1 Qd7 13. Ne5 fxe5 14. Qh5+ Kd8
15. Nb3 e6 16. Nc5 Bxc5 17. dxc5 d4 18. exd4 exd4 19. Rad1 Qh7 20. Rxe6 Bg6 21.
Rxg6 Ke7 22. Re1+ Kd7 23. Qg4+ Kd8 24. Rf6 Ne7 25. Qxd4+ Ke8 26. Qg4 Rf8 27.
Rfe6 Rf7 28. Qh5 Kf8 29. Rxh6 Qg7 30. Rh8+ Ng8 31. Rh7 Qxh7 32. Qxg5 Qf5 0-1

[Event "Junior Online 4NCL Division 5"]
[Site "online"]
[Date "2021.01.21"]
[Round "1.171"]
[White "McAndrew, Max"]
[Black "Querfurth Waterman, Tal"]
[Result "1-0"]
[WhiteElo "1113"]
[BlackElo "858"]
[PlyCount "57"]
[EventDate "2021.01.21"]
[WhiteTeam "Ojays G"]
[BlackTeam "Eden Primary Bishops"]

1. e4 e5 2. Nf3 Nc6 3. Bc4 Nf6 4. Ng5 d5 5. exd5 Nxd5 6. Qf3 Qxg5 7. Bxd5 Qe7
8. Bxc6+ bxc6 9. Qxc6+ Bd7 10. Qxa8+ Qd8 11. Qxd8+ Kxd8 12. O-O Bd6 13. b3 e4
14. Nc3 f5 15. d3 exd3 16. cxd3 Be5 17. Bb2 Re8 18. Na4 Bxa4 19. Bxe5 Rxe5 20.
bxa4 g5 21. d4 Rd5 22. Rad1 h5 23. Rfe1 g4 24. Re5 Rd7 25. d5 Kc8 26. Rc1 Kb8
27. Rb1+ Ka8 28. Re8+ Rd8 29. Rxd8# 1-0

[Event "Junior Online 4NCL Division 5"]
[Site "online"]
[Date "2021.01.21"]
[Round "1.172"]
[White "Zabary, Yoav"]
[Black "Genc, Guven"]
[Result "0-1"]
[WhiteElo "929"]
[BlackElo "1167"]
[PlyCount "60"]
[EventDate "2021.01.21"]
[WhiteTeam "Eden Primary Bishops"]
[BlackTeam "Ojays G"]

1. d4 d5 2. c4 c6 3. Nc3 Nf6 4. Bg5 dxc4 5. e3 b5 6. Bxf6 gxf6 7. Nf3 Bg7 8. g3
O-O 9. Bg2 Re8 10. h4 e5 11. dxe5 Qxd1+ 12. Rxd1 fxe5 13. Ng5 Bd7 14. O-O Re7
15. Nge4 Na6 16. a3 f5 17. Nd6 Rf8 18. f4 e4 19. Bh3 Nc5 20. Kh2 Nd3 21. Rd2
Be6 22. Rxd3 cxd3 23. g4 fxg4 24. Bg2 Bxc3 25. bxc3 Bd5 26. Kg3 Rf6 27. Nc8 Rc7
28. Nxa7 Rxa7 29. Kxg4 Rxa3 30. Kg5 Rg6+ 0-1

[Event "Junior Online 4NCL Division 5"]
[Site "online"]
[Date "2021.01.21"]
[Round "1.173"]
[White "Gascoyne, Thomas"]
[Black "Marks, Rory"]
[Result "1-0"]
[WhiteElo "1160"]
[BlackElo "914"]
[PlyCount "103"]
[EventDate "2021.01.21"]
[WhiteTeam "Ojays G"]
[BlackTeam "Eden Primary Bishops"]

1. c4 e5 2. Nc3 Nc6 3. e4 Nf6 4. d3 Bc5 5. Bg5 h6 6. Bxf6 Qxf6 7. Nf3 Nd4 8.
Nxd4 Bxd4 9. Qf3 Qxf3 10. gxf3 Bxc3+ 11. bxc3 d6 12. d4 exd4 13. cxd4 c5 14. d5
O-O 15. Rg1 a6 16. Rg3 b5 17. Rb1 bxc4 18. Bxc4 g6 19. Rb6 Rd8 20. f4 f5 21.
exf5 Bxf5 22. Rxa6 Rxa6 23. Bxa6 Kg7 24. h4 Bb1 25. a4 Ra8 26. Bb5 Ra5 27. h5
c4 28. hxg6 Bxg6 29. f5 c3 30. Rxg6+ Kf7 31. Re6 c2 32. Kd2 h5 33. Kxc2 h4 34.
Rh6 Ra8 35. Rxh4 Rc8+ 36. Kd2 Rc5 37. Rh6 Rxd5+ 38. Ke3 Rxf5 39. Rxd6 Re5+ 40.
Kf4 Re7 41. Kf5 Re2 42. Bxe2 Ke7 43. Ke5 Kf7 44. Re6 Kg7 45. Rf6 Kh7 46. Bd3+
Kg7 47. Ke6 Kg8 48. Rf7 Kh8 49. Ra7 Kg8 50. Kf6 Kh8 51. Kg6 Kg8 52. Ra8# 1-0

[Event "Junior Online 4NCL Division 5"]
[Site "online"]
[Date "2021.01.21"]
[Round "1.174"]
[White "Block, Leo"]
[Black "Bhogathi, Abhiram"]
[Result "0-1"]
[WhiteElo "837"]
[BlackElo "1127"]
[PlyCount "86"]
[EventDate "2021.01.21"]
[WhiteTeam "Eden Primary Bishops"]
[BlackTeam "Ojays G"]

1. e4 e5 2. Nf3 Nc6 3. Nc3 Nf6 4. Be2 Bc5 5. Nb5 a6 6. Na3 b5 7. d3 b4 8. Nc4
Nd4 9. Be3 Nxf3+ 10. Bxf3 Bxe3 11. Nxe3 O-O 12. O-O d5 13. Qe2 d4 14. Nc4 Re8
15. Rad1 h6 16. Rde1 Nh5 17. Bxh5 Qh4 18. g3 Qh3 19. Qf3 Rf8 20. Nxe5 Be6 21.
c3 c5 22. cxb4 cxb4 23. Nc4 g5 24. a3 g4 25. Qg2 Qxh5 26. e5 Bxc4 27. dxc4 bxa3
28. bxa3 Rfc8 29. Rc1 Qxe5 30. f4 Qe3+ 31. Rf2 Qxc1+ 32. Rf1 Qe3+ 33. Qf2 Qxf2+
34. Rxf2 Rd8 35. Rd2 Rac8 36. a4 Rxc4 37. f5 d3 38. f6 Rc2 39. Rxc2 dxc2 40.
Kf2 c1=Q 41. Kg2 Qd2+ 42. Kf1 Qxh2 43. a5 Rd1# 0-1

[Event "Junior Online 4NCL Division 5"]
[Site "online"]
[Date "2021.01.21"]
[Round "1.175"]
[White "Querfurth Waterman, Tal"]
[Black "McAndrew, Max"]
[Result "1-0"]
[WhiteElo "858"]
[BlackElo "1113"]
[PlyCount "107"]
[EventDate "2021.01.21"]
[WhiteTeam "Eden Primary Bishops"]
[BlackTeam "Ojays G"]

1. e4 e5 2. Bc4 Nf6 3. Nf3 Nxe4 4. d3 Nf6 5. Nxe5 d5 6. Bb5+ Nbd7 7. Bxd7+ Bxd7
8. Nxd7 Qxd7 9. Nc3 Bb4 10. Bd2 Bc5 11. Qe2+ Be7 12. O-O-O O-O 13. a3 Rae8 14.
Rdg1 Bxa3 15. bxa3 Rxe2 16. Nxe2 Ng4 17. Rf1 Qe7 18. Kd1 Qxa3 19. Bc1 Qe7 20.
h3 Nf6 21. Rfg1 Re8 22. Nf4 Nh5 23. Re1 Qd7 24. Nxh5 Rd8 25. Bg5 f6 26. Bxf6
Rf8 27. Re7 Qf5 28. Rxg7+ Kh8 29. Rg5+ Qxf6 30. Nxf6 Rxf6 31. Re1 Rf8 32. Rxd5
Rxf2 33. Re8+ Kg7 34. Re6 Rf1+ 35. Kd2 Rf2+ 36. Ke1 Rf7 37. Rg5+ Kf8 38. h4 b6
39. h5 a5 40. h6 a4 41. Rd5 Kg8 42. Re8+ Rf8 43. Rg5+ Kf7 44. Rxf8+ Kxf8 45.
Rg7 a3 46. Rxc7 a2 47. Ra7 b5 48. Rxa2 b4 49. Ra7 b3 50. cxb3 Ke8 51. Rxh7 Kf8
52. Ra7 Ke8 53. h7 Kd8 54. h8=R# 1-0

[Event "Junior Online 4NCL Division 5"]
[Site "online"]
[Date "2021.01.21"]
[Round "1.177"]
[White "Marks, Rory"]
[Black "Gascoyne, Thomas"]
[Result "1-0"]
[WhiteElo "914"]
[BlackElo "1160"]
[PlyCount "55"]
[EventDate "2021.01.21"]
[WhiteTeam "Eden Primary Bishops"]
[BlackTeam "Ojays G"]

1. e4 e5 2. Nf3 Nc6 3. d4 exd4 4. Bc4 Bc5 5. c3 dxc3 6. Bxf7+ Kxf7 7. Qd5+ Ke8
8. Qxc5 cxb2 9. Bxb2 Nf6 10. Bxf6 Qxf6 11. Nc3 b6 12. Qc4 a5 13. O-O-O Ba6 14.
Qb3 Qf4+ 15. Kb1 Nb4 16. Rd2 Bd3+ 17. Kb2 g5 18. Rhd1 Bxe4 19. Rxd7 Bxf3 20.
Qe6+ Kf8 21. Rd8+ Rxd8 22. Rxd8+ Kg7 23. Rd7+ Kf8 24. Qh6+ Ke8 25. Qe6+ Kf8 26.
Qe7+ Kg8 27. Rd8+ Qf8 28. Rxf8# 1-0

[Event "Junior Online 4NCL Division 5"]
[Site "online"]
[Date "2021.01.21"]
[Round "1.178"]
[White "Bhogathi, Abhiram"]
[Black "Block, Leo"]
[Result "1-0"]
[WhiteElo "1127"]
[BlackElo "837"]
[PlyCount "35"]
[EventDate "2021.01.21"]
[WhiteTeam "Ojays G"]
[BlackTeam "Eden Primary Bishops"]

1. d4 d5 2. c4 Be6 3. cxd5 Qxd5 4. Nc3 Qc4 5. e4 Qc6 6. d5 Qc5 7. dxe6 Qe5 8.
Bc4 fxe6 9. Nf3 Qc5 10. Bxe6 Qd6 11. Qxd6 cxd6 12. O-O Nf6 13. Rd1 Nc6 14. b4
Nxb4 15. e5 Nc2 16. Rb1 dxe5 17. Nxe5 Rc8 18. Bf7# 1-0

[Event "Junior Online 4NCL Division 5"]
[Site "online"]
[Date "2021.01.21"]
[Round "1.181"]
[White "Sundararaju, Ritvik"]
[Black "Nikolov, Alexander"]
[Result "0-1"]
[WhiteElo "895"]
[BlackElo "1525"]
[PlyCount "58"]
[EventDate "2021.01.21"]
[WhiteTeam "Uxbridge Juniors Dynamos"]
[BlackTeam "Desert Penguins Neptune"]

1. e4 c5 2. Bc4 d6 3. Qf3 Nf6 4. Bb5+ Bd7 5. Bxd7+ Nbxd7 6. Nh3 e6 7. Ng5 h6 8.
e5 Nxe5 9. Qxb7 hxg5 10. O-O Qc8 11. Qxc8+ Rxc8 12. Re1 g4 13. Re3 Rb8 14. Rb3
Rxb3 15. axb3 Nc6 16. Ra6 Kd7 17. Nc3 d5 18. Nb5 Bd6 19. Nxd6 Kxd6 20. d3 Kc7
21. Bf4+ Kb7 22. Ra4 e5 23. Bd2 Nd4 24. Be3 Nxc2 25. Bxc5 a6 26. Ra5 Rc8 27.
Be7 Nb4 28. Bxb4 Rc1+ 29. Be1 Rxe1# 0-1

[Event "Junior Online 4NCL Division 5"]
[Site "online"]
[Date "2021.01.21"]
[Round "1.182"]
[White "Xu, Owen"]
[Black "Bhargava, Aarav"]
[Result "1-0"]
[WhiteElo "1480"]
[BlackElo "826"]
[PlyCount "77"]
[EventDate "2021.01.21"]
[WhiteTeam "Desert Penguins Neptune"]
[BlackTeam "Uxbridge Juniors Dynamos"]

1. d4 d5 2. c4 dxc4 3. Nc3 Nc6 4. d5 Nd4 5. Qxd4 e6 6. Qxc4 Nf6 7. dxe6 fxe6 8.
Bg5 Be7 9. Nf3 Nd5 10. Nxd5 exd5 11. Bxe7 Kxe7 12. Qh4+ Ke8 13. Qxd8+ Kxd8 14.
e3 Bf5 15. Rd1 Re8 16. Rxd5+ Ke7 17. Rxf5 g6 18. Re5+ Kf6 19. Rxe8 Rxe8 20. Bc4
Re4 21. Bd5 Re7 22. Bxb7 Rd7 23. O-O h5 24. Rc1 Kf5 25. Bc8 Ke6 26. Nd4+ Kd6
27. Rc6+ Ke7 28. Bxd7 Kxd7 29. Rxg6 c6 30. f4 c5 31. Nb5 a6 32. Nc3 c4 33. f5
Ke7 34. e4 Kf7 35. e5 Ke7 36. f6+ Kf7 37. Rg7+ Kf8 38. e6 Ke8 39. Rg8# 1-0

[Event "Junior Online 4NCL Division 5"]
[Site "online"]
[Date "2021.01.21"]
[Round "1.183"]
[White "Zyakhor, Cornelius"]
[Black "Donati Plutino, Francesco Rodolfo"]
[Result "0-1"]
[WhiteElo "818"]
[BlackElo "993"]
[PlyCount "54"]
[EventDate "2021.01.21"]
[WhiteTeam "Uxbridge Juniors Dynamos"]
[BlackTeam "Desert Penguins Neptune"]

1. e4 e5 2. Bc4 Nf6 3. Nf3 Nc6 4. d3 Bc5 5. O-O d6 6. Nh4 O-O 7. Qf3 Bg4 8. Qg3
Nd4 9. h3 Ne2+ 10. Kh2 Nxg3 11. Kxg3 Bd7 12. Bg5 h6 13. Bd2 Nh5+ 14. Kh2 Qxh4
15. g3 Qe7 16. Nc3 a6 17. Nd5 Qd8 18. g4 Nf6 19. Nxf6+ Qxf6 20. g5 hxg5 21. h4
gxh4 22. Rg1 Qxf2+ 23. Kh1 Qxd2 24. Rad1 Qf4 25. Rdf1 Qe3 26. Bxf7+ Rxf7 27.
Rxf7 Qxg1# 0-1

[Event "Junior Online 4NCL Division 5"]
[Site "online"]
[Date "2021.01.21"]
[Round "1.184"]
[White "Tsitos, Konstantinos"]
[Black "Bhargava, Arnav"]
[Result "1-0"]
[WhiteElo "738"]
[BlackElo "737"]
[PlyCount "48"]
[EventDate "2021.01.21"]
[WhiteTeam "Desert Penguins Neptune"]
[BlackTeam "Uxbridge Juniors Dynamos"]

1. d4 Nf6 2. c4 d6 3. Nc3 g6 4. Nf3 Bg7 5. e3 Bf5 6. Be2 O-O 7. O-O Nc6 8. Bd3
Bxd3 9. Qxd3 e5 10. Qd1 exd4 11. exd4 Nb4 12. a3 Nc6 13. Re1 Re8 14. Bf4 Rxe1+
15. Qxe1 Nh5 16. Bg5 f6 17. Bd2 Nxd4 18. Nxd4 f5 19. Ne6 Qd7 20. Nxg7 Nxg7 21.
Nd5 c6 22. Nf6+ Kf7 23. Nxd7 Re8 24. Qc1 Rd8 1-0

[Event "Junior Online 4NCL Division 5"]
[Site "online"]
[Date "2021.01.21"]
[Round "1.185"]
[White "Nikolov, Alexander"]
[Black "Sundararaju, Ritvik"]
[Result "1-0"]
[WhiteElo "1525"]
[BlackElo "895"]
[PlyCount "75"]
[EventDate "2021.01.21"]
[WhiteTeam "Desert Penguins Neptune"]
[BlackTeam "Uxbridge Juniors Dynamos"]

1. d4 e6 2. a3 Qf6 3. c4 e5 4. d5 Bc5 5. Nf3 Qb6 6. e3 Bb4+ 7. axb4 Qxb4+ 8.
Bd2 Qxb2 9. Nc3 Na6 10. Nxe5 Nb4 11. Bd3 Nxd3+ 12. Nxd3 Qb6 13. O-O Qh6 14. Nb5
Kd8 15. Rxa7 Rxa7 16. Nxa7 Nf6 17. e4 Qh4 18. Ne5 Ng4 19. Qxg4 Qxg4 20. Nxg4 d6
21. Nxc8 Kxc8 22. Ra1 Kd7 23. f4 Re8 24. e5 f6 25. exf6 gxf6 26. Nxf6+ Ke7 27.
Nxe8 Kxe8 28. Ra7 Kd7 29. Rxb7 h5 30. Ba5 h4 31. Rxc7+ Ke8 32. Kf2 h3 33. gxh3
Kd8 34. h4 Ke8 35. h5 Kd8 36. h6 Ke8 37. h7 Kf8 38. h8=Q# 1-0

[Event "Junior Online 4NCL Division 5"]
[Site "online"]
[Date "2021.01.21"]
[Round "1.186"]
[White "Bhargava, Aarav"]
[Black "Xu, Owen"]
[Result "0-1"]
[WhiteElo "826"]
[BlackElo "1480"]
[PlyCount "44"]
[EventDate "2021.01.21"]
[WhiteTeam "Uxbridge Juniors Dynamos"]
[BlackTeam "Desert Penguins Neptune"]

1. e4 c5 2. Qf3 d6 3. Nc3 Nf6 4. d3 Bg4 5. Qg3 Nc6 6. Nd5 Nxd5 7. exd5 Nd4 8.
Qxg4 Nxc2+ 9. Kd1 Nxa1 10. Qc4 Qa5 11. b3 b5 12. Qc3 Qxc3 13. Bd2 Qc2+ 14. Ke1
g6 15. Be2 Bg7 16. Nf3 Qb1+ 17. Bd1 Nc2+ 18. Ke2 Nd4+ 19. Nxd4 Bxd4 20. Bc1
Qxc1 21. Ke1 Qb2 22. f3 Qf2# 0-1

[Event "Junior Online 4NCL Division 5"]
[Site "online"]
[Date "2021.01.21"]
[Round "1.187"]
[White "Donati Plutino, Francesco Rodolfo"]
[Black "Zyakhor, Cornelius"]
[Result "1-0"]
[WhiteElo "993"]
[BlackElo "818"]
[PlyCount "41"]
[EventDate "2021.01.21"]
[WhiteTeam "Desert Penguins Neptune"]
[BlackTeam "Uxbridge Juniors Dynamos"]

1. e4 e5 2. Nf3 Nc6 3. Nc3 Nf6 4. Bc4 Bc5 5. d3 Ng4 6. Be3 b6 7. Qe2 O-O 8.
O-O-O Na5 9. Bd5 c6 10. Bxc5 bxc5 11. Bc4 Nxc4 12. dxc4 Rb8 13. Kb1 Qc7 14. b3
Rb6 15. Ng5 f6 16. Nf3 f5 17. Ng5 Nh6 18. h3 fxe4 19. Ncxe4 Nf5 20. Qh5 g6 21.
Qxh7# 1-0

[Event "Junior Online 4NCL Division 5"]
[Site "online"]
[Date "2021.01.21"]
[Round "1.188"]
[White "Bhargava, Arnav"]
[Black "Tsitos, Konstantinos"]
[Result "0-1"]
[WhiteElo "737"]
[BlackElo "738"]
[PlyCount "124"]
[EventDate "2021.01.21"]
[WhiteTeam "Uxbridge Juniors Dynamos"]
[BlackTeam "Desert Penguins Neptune"]

1. d4 d5 2. c4 e6 3. Nc3 Nd7 4. Bf4 Ngf6 5. e3 Be7 6. Bd3 O-O 7. Nf3 b6 8. O-O
Bb7 9. e4 dxe4 10. Bxe4 Bxe4 11. Nxe4 Nxe4 12. Re1 Nd6 13. Rc1 c5 14. dxc5 Nxc5
15. b4 Nd7 16. c5 bxc5 17. bxc5 Nf5 18. Nd4 Nxd4 19. Qxd4 e5 20. Bxe5 Nxe5 21.
Qxd8 Rfxd8 22. Rxe5 Bf6 23. Rf5 Rd7 24. c6 Re7 25. c7 Rc8 26. g4 Rcxc7 27. Rxc7
Rxc7 28. g5 g6 29. gxf6 gxf5 30. Kg2 h6 31. Kf3 Kh7 32. Kf4 Kg6 33. h4 h5 34.
a4 Rc4+ 35. Ke5 Rxa4 36. f3 Rb4 37. Kd5 a5 38. Kc5 Rb8 39. Kc4 a4 40. Kd5 a3
41. Kc6 a2 42. Kc7 a1=Q 43. Kxb8 Qb1+ 44. Kc7 Kxf6 45. Kc6 Qe1 46. Kd5 Qe7 47.
Kc4 Qe6+ 48. Kd4 Ke7 49. Kd3 Qe5 50. Kc4 Qd6 51. Kc3 Qd5 52. Kb4 Qc6 53. Kb3
Qc5 54. Kb2 Qc4 55. Ka3 Qb5 56. Ka2 Qb4 57. Ka1 Kd6 58. f4 Kc5 59. Ka2 Kc4 60.
Ka1 Kc3 61. Ka2 Qb3+ 62. Ka1 Qb2# 0-1

[Event "Junior Online 4NCL Division 5"]
[Site "online"]
[Date "2021.01.21"]
[Round "1.192"]
[White "Muthukumaran, Sriram"]
[Black "Mali, Harshal"]
[Result "0-1"]
[WhiteElo "787"]
[BlackElo "1480"]
[PlyCount "48"]
[EventDate "2021.01.21"]
[WhiteTeam "Maidenhead Juniors 6"]
[BlackTeam "Chess Challengers C"]

1. e4 e5 2. Nf3 Nc6 3. Nc3 Nf6 4. Bc4 Bc5 5. d3 O-O 6. Bg5 h6 7. Bh4 a6 8. Nd5
g5 9. Nxg5 Nxd5 10. Nxf7 Qxh4 11. O-O Kxf7 12. Bxd5+ Ke7 13. Qe2 Nd4 14. Qe3 c6
15. c3 Nf3+ 16. Qxf3 Rxf3 17. gxf3 cxd5 18. exd5 d6 19. Kh1 Qh5 20. Rg1 Qxf3+
21. Rg2 Bh3 22. Rag1 Bxf2 23. d4 Bxg1 24. Kxg1 Qxg2# 0-1

[Event "Junior Online 4NCL Division 5"]
[Site "online"]
[Date "2021.01.21"]
[Round "1.193"]
[White "Sridharan, Rithvik"]
[Black "Tripathi, Advik"]
[Result "1-0"]
[WhiteElo "1475"]
[BlackElo "749"]
[PlyCount "41"]
[EventDate "2021.01.21"]
[WhiteTeam "Chess Challengers C"]
[BlackTeam "Maidenhead Juniors 6"]

1. e4 e5 2. Nf3 Nc6 3. Bc4 Bc5 4. d4 exd4 5. Ng5 Qe7 6. Nxf7 Qxe4+ 7. Qe2 Qxe2+
8. Kxe2 a6 9. Nxh8 b5 10. Bxg8 Kf8 11. Bd5 Ke8 12. Re1 Bb4 13. c3 dxc3 14. bxc3
Bxc3 15. Nxc3 Nd4+ 16. Kf1+ Kf8 17. Bxa8 Nc2 18. Bg5 Nxa1 19. Be7+ Kg8 20. Bh4
Kxh8 21. Re8# 1-0

[Event "Junior Online 4NCL Division 5"]
[Site "online"]
[Date "2021.01.21"]
[Round "1.194"]
[White "Tripathi, Anaya"]
[Black "Jha, Aarush"]
[Result "1/2-1/2"]
[WhiteElo "716"]
[BlackElo "1472"]
[PlyCount "138"]
[EventDate "2021.01.21"]
[WhiteTeam "Maidenhead Juniors 6"]
[BlackTeam "Chess Challengers C"]

1. e4 e5 2. d3 Nc6 3. Nf3 f6 4. Nc3 Bc5 5. Be3 d6 6. Bxc5 dxc5 7. Be2 Be6 8.
O-O Nge7 9. Qd2 O-O 10. Bd1 f5 11. Ne2 fxe4 12. dxe4 Qxd2 13. Nxd2 Nd4 14. Nxd4
cxd4 15. Nf3 Ng6 16. c3 dxc3 17. bxc3 Rad8 18. Bb3 Bxb3 19. axb3 a6 20. Rfd1
Rxd1+ 21. Rxd1 b5 22. c4 bxc4 23. bxc4 a5 24. Ra1 Ra8 25. Kf1 a4 26. Ne1 Nf4
27. g3 Ne6 28. Nd3 Nd4 29. Nxe5 Nb3 30. Ra3 Nd2+ 31. Ke2 Nxe4 32. Ke3 Nc5 33.
Kd4 Nb3+ 34. Kd5 Nd2 35. Kc5 Nf1 36. h4 Nh2 37. Kb4 h6 38. Rxa4 Rxa4+ 39. Kxa4
g5 40. hxg5 hxg5 41. c5 Kg7 42. Kb5 Kf6 43. Nd7+ Ke6 44. Kc6 Ke7 45. Kxc7 Ke6
46. c6 Kd5 47. Nf6+ Ke6 48. Ne4 g4 49. Kb7 Kd5 50. c7 Kxe4 51. c8=Q Kf3 52.
Qc3+ Kxf2 53. Qf6+ Kxg3 54. Qc3+ Kh4 55. Qe1+ g3 56. Qe4+ Kh3 57. Qh7+ Kg2 58.
Kc6 Nf3 59. Qc2+ Kh3 60. Qh7+ Kg2 61. Kd5 Kf2 62. Qc2+ Kg1 63. Ke4 Nh4 64. Qd1+
Kh2 65. Qe2+ g2 66. Kf4 Kh1 67. Qe1+ g1=Q 68. Qxh4+ Qh2+ 69. Qxh2+ Kxh2 1/2-1/2

[Event "Junior Online 4NCL Division 5"]
[Site "online"]
[Date "2021.01.21"]
[Round "1.196"]
[White "Mali, Harshal"]
[Black "Muthukumaran, Sriram"]
[Result "1-0"]
[WhiteElo "1480"]
[BlackElo "787"]
[PlyCount "65"]
[EventDate "2021.01.21"]
[WhiteTeam "Chess Challengers C"]
[BlackTeam "Maidenhead Juniors 6"]

1. e4 c5 2. Bc4 d6 3. Qf3 Nf6 4. d3 Bg4 5. Qg3 g6 6. f4 Be6 7. Bxe6 fxe6 8. Nf3
Nc6 9. O-O Nb4 10. Nc3 Nxc2 11. Rb1 Bg7 12. Nb5 Qb6 13. Qf2 Qxb5 14. Qxc2 O-O
15. Bd2 Qc6 16. Ng5 d5 17. e5 Nd7 18. Rbc1 Rf5 19. b4 h6 20. bxc5 hxg5 21. g4
Rff8 22. d4 Rac8 23. Qxg6 b6 24. Rc3 bxc5 25. Rh3 Rf7 26. Qh7+ Kf8 27. fxg5
Rxf1+ 28. Kxf1 Kf7 29. g6+ Kf8 30. Rf3+ Nf6 31. exf6 exf6 32. Rxf6+ Bxf6 33.
Qf7# 1-0

[Event "Junior Online 4NCL Division 5"]
[Site "online"]
[Date "2021.01.21"]
[Round "1.197"]
[White "Tripathi, Advik"]
[Black "Sridharan, Rithvik"]
[Result "1-0"]
[WhiteElo "749"]
[BlackElo "1475"]
[PlyCount "165"]
[EventDate "2021.01.21"]
[WhiteTeam "Maidenhead Juniors 6"]
[BlackTeam "Chess Challengers C"]

1. e4 e5 2. Nf3 Nc6 3. Bc4 Bb4 4. c3 Bc5 5. d3 Nf6 6. O-O d6 7. Bb5 Bg4 8. h3
Bxf3 9. Qxf3 a6 10. Bxc6+ bxc6 11. Be3 Bxe3 12. Qxe3 d5 13. exd5 Nxd5 14. Qxe5+
Ne7 15. Qxg7 Rg8 16. Qxh7 Qc8 17. Re1 Rf8 18. Qe4 Qe6 19. Qxe6 fxe6 20. Rxe6
Kd7 21. Re2 Nf5 22. Nd2 Rae8 23. Rxe8 Rxe8 24. Kf1 Nh4 25. g3 Nf5 26. Ne4 Rf8
27. g4 Ne3+ 28. Ke2 Nc2 29. Rc1 Rh8 30. Rxc2 Rxh3 31. Nc5+ Kd6 32. Nxa6 Rh2 33.
Rc1 c5 34. Rg1 Kc6 35. g5 Kd7 36. g6 Ke7 37. g7 Rh6 38. g8=Q Rxa6 39. Rg6 Ra5
40. Rh6 Kd7 41. Qg7+ Kc8 42. Rh8+ Kb7 43. Qg8 Kc6 44. Rh6+ Kb7 45. Qd5+ Kb8 46.
Qb3+ Kc8 47. Rh8+ Kd7 48. Rh7+ Kd6 49. Rh5 Kc6 50. Qc4 Kb6 51. d4 cxd4 52. cxd4
Rxh5 53. Qb4+ Kc6 54. Qd2 Rd5 55. f4 Kd6 56. Qe3 Kc6 57. Qf3 Kd6 58. f5 Ra5 59.
f6 Ra8 60. f7 Ke7 61. d5 Rf8 62. a4 Rxf7 63. Qe4+ Kf8 64. a5 Re7 65. Qxe7+ Kxe7
66. a6 Kd6 67. a7 Kxd5 68. a8=Q+ Kc4 69. Qa2+ Kd4 70. b3 Kc3 71. Qa3 c5 72. b4+
Kd4 73. b5 c4 74. b6 c3 75. Qc1 Kc5 76. b7 Kc6 77. b8=Q Kd5 78. Qxc3 Ke4 79.
Qe8+ Kd5 80. Qd3+ Kc5 81. Qc8+ Kb6 82. Qb3+ Ka7 83. Qbb7# 1-0

[Event "Junior Online 4NCL Division 5"]
[Site "online"]
[Date "2021.01.21"]
[Round "1.198"]
[White "Jha, Aarush"]
[Black "Tripathi, Anaya"]
[Result "1-0"]
[WhiteElo "1472"]
[BlackElo "716"]
[PlyCount "51"]
[EventDate "2021.01.21"]
[WhiteTeam "Chess Challengers C"]
[BlackTeam "Maidenhead Juniors 6"]

1. e4 e6 2. d4 d5 3. exd5 exd5 4. Nc3 Nf6 5. Nf3 Nc6 6. Bb5 Bb4 7. Ne5 O-O 8.
Nxc6 bxc6 9. Bxc6 Bd7 10. Bxa8 Qxa8 11. Bd2 Bxc3 12. Bxc3 Ne4 13. O-O f5 14.
Bb4 Rf6 15. Re1 Qe8 16. f3 Nd6 17. Rxe8+ Bxe8 18. Bxd6 cxd6 19. Qe2 g5 20.
Qxe8+ Kg7 21. Qe7+ Rf7 22. Qxg5+ Kf8 23. Re1 a5 24. Qh6+ Kg8 25. Re8+ Rf8 26.
Qxf8# 1-0

[Event "Junior Online 4NCL Division 5"]
[Site "online"]
[Date "2021.01.21"]
[Round "1.201"]
[White "Cooney, Lorcan"]
[Black "Meredith, Daniel"]
[Result "0-1"]
[WhiteElo "1255"]
[BlackElo "1278"]
[PlyCount "108"]
[EventDate "2021.01.21"]
[WhiteTeam "St. Laurence's BNS 1"]
[BlackTeam "Hull & York Knights"]

1. e4 c5 2. Bc4 e6 3. Nc3 Nc6 4. f4 Nge7 5. d3 d5 6. Bb5 a6 7. Bxc6+ Nxc6 8.
Nf3 Bd7 9. O-O d4 10. Ne2 Be7 11. Qe1 O-O 12. Qf2 Qc7 13. Qg3 f6 14. f5 Bd6 15.
Nf4 Rae8 16. Nd2 b5 17. a4 Rb8 18. axb5 axb5 19. c4 b4 20. b3 Ra8 21. Rxa8 Rxa8
22. fxe6 Bxe6 23. Nxe6 Bxg3 24. Nxc7 Bxc7 25. Rf5 Ne5 26. Kf2 Nxd3+ 27. Kf3
Nxc1 28. Rxc5 Be5 29. Rd5 Na2 30. c5 Rc8 31. Nb1 Nc1 32. Nd2 Nd3 33. c6 Rxc6
34. Nc4 Kf7 35. h3 Ke7 36. g4 Rc5 37. Rxc5 Nxc5 38. Ke2 Nxb3 39. Nb6 Nc5 40.
Nd5+ Kd6 41. Nxb4 Nxe4 42. Nc2 Kc5 43. Ne1 Kc4 44. Nd3 Ng3+ 45. Kd2 Nf1+ 46.
Ke2 h6 47. Nxe5+ fxe5 48. Kxf1 Kc3 49. Ke1 d3 50. Kd1 d2 51. h4 Kd3 52. g5 e4
53. gxh6 e3 54. hxg7 e2# 0-1